000 00634nam a2200217 a 4500
008
020 _a0582442346 (pbk.)
049 _aMAIN
090 _aQD453.2
_bMOO
100 _aMoore, Walter J.
245 _aPhysical chemistry /
_cWalter J. Moore.
260 _aHarlow, Essex :
_bLongman Scientific & Technical,
_c1972.
300 _axiii, 977 p. :
_bill. ;
_c24cm.
500 _aIncludes index.
650 _aChemistry, Physical and theoretical.
907 _a.b10091828
_b22-11-12
_c17-11-03
003
005 20230123133457.0
040 _cNUST
942 _cBOOKS
_kQD453.2
_mMOO
999 _c149252
_d149252